000 00855nam a22002417a 4500
005 20170124105922.0
010 _a841520
020 _c00.00
035 _a841520
037 _bCen Lib/Ret
040 _aDPL
_bEN
082 _a379.2
_bTHI
100 _aThiagarajan, Sivasailam
_982316
245 _aProgrammed instruction for literacy workers /
_cby Sivasailam Thiagarajan
260 _aIran
_bHulton Education Publications
_c1976
270 _aRaans Road, Amersham, Bucks, in co-operation with the I.I.A.L.M,
_bTehran
300 _a136p.:
_c22cm(Hb)
_bill.
490 _aLiteracy in development: a series of training monograph
500 _aIncludes bibliographical references and index
650 _aProgrammed instruction--Study and teaching
_982317
650 _aLiteracy programs
_982318
942 _2ddc
_cEN
_h379.2
_mTHI
999 _c123244
_d123244